Teatro y poesía / (Record no. 77643)

MARC details
000 -LEADER
campo de control de longitud fija 00984nam a2200277 i 4500
001 - NÚMERO DE CONTROL
campo de control 77643
003 - IDENTIFICADOR DE NÚMERO DE CONTROL
campo de control ES-MaACL
005 - FECHA Y HORA DE LA ÚLTIMA TRANSACCIÓN
campo de control 20250824035906.0
007 - CAMPO FIJO DE DESCRIPCIÓN FÍSICA--INFORMACIÓN GENERAL
campo de control de longitud fija t|
008 - DATOS DE LONGITUD FIJA--INFORMACIÓN GENERAL
campo de control de longitud fija 041028s2003 pr |||| | spa d
020 ## - NÚMERO INTERNACIONAL ESTÁNDAR DEL LIBRO
Número Internacional Estándar del Libro 1-881703-54-1
080 ## - NÚMERO DE LA CLASIFICACIÓN DECIMAL UNIVERSAL
Número de la Clasificación Decimal Universal 860(729.5)
080 ## - NÚMERO DE LA CLASIFICACIÓN DECIMAL UNIVERSAL
Número de la Clasificación Decimal Universal 82-1"19"
100 1# - ENTRADA PRINCIPAL--NOMBRE DE PERSONA
Nombre de persona Torres Nadal, Luis.
9 (RLIN) 110991
245 10 - MENCIÓN DEL TÍTULO
Título Teatro y poesía /
Mención de responsabilidad, etc. selección, edición y estudio, Zulma Ayes y Luis Díaz Márquez ; prólogo al teatro, Roberto Ramos-Perea.
260 ## - PUBLICACIÓN, DISTRIBUCIÓN, ETC.
Lugar de publicación, distribución, etc. San Juan de Puerto Rico :
Nombre del editor, distribuidor, etc. Ateneo Puertorriqueño-LEA :
-- Municipio Autónomo de Ponce,
Fecha de publicación, distribución, etc. 2003.
300 ## - DESCRIPCIÓN FÍSICA
Extensión 362 p. ;
Dimensiones 24 cm.
650 14 - PUNTO DE ACCESO ADICIONAL DE MATERIA--TÉRMINO DE MATERIA
Término de materia o nombre geográfico como elemento de entrada Teatro-
Subdivisión geográfica Puerto Rico
9 (RLIN) 17318
650 #4 - PUNTO DE ACCESO ADICIONAL DE MATERIA--TÉRMINO DE MATERIA
Término de materia o nombre geográfico como elemento de entrada Poesía puertorriqueña
9 (RLIN) 16155
700 1# - ENTRADA AGREGADA--NOMBRE PERSONAL
Nombre de persona Ayes, Zulma.
9 (RLIN) 24153
700 1# - ENTRADA AGREGADA--NOMBRE PERSONAL
Nombre de persona Díaz Márquez, Luis.
9 (RLIN) 44338
700 1# - ENTRADA AGREGADA--NOMBRE PERSONAL
Nombre de persona Ramos-Perea, Roberto.
9 (RLIN) 95345
710 2# - ENTRADA AGREGADA--NOMBRE DE ENTIDAD CORPORATIVA
Nombre de entidad corporativa o nombre de jurisdicción como elemento de entrada Ateneo Puertorriqueño
9 (RLIN) 2054
852 ## - LOCALIZACIÓN
Ubicación ES-MaACL
Número de control de estantería E-10183
Nota libre . - Donativo Ateneo Puertorriqueño
Holdings
Estatus retirado Estado de pérdida Estado de daño No para préstamo Biblioteca de origen Biblioteca actual Ubicación en estantería Fecha de adquisición Fuente de adquisición Total de préstamos Signatura topográfica completa Código de barras Visto por última vez Precio de reemplazo Tipo de ítem Koha
        Biblioteca del Ateneo de Madrid Biblioteca del Ateneo de Madrid Depósito 2 17/01/2008     E-10183 1081233 23/02/2023 23/02/2023 Libro impreso